000 00412nam a2200181Ia 4500
001 705
005 20260306140537.0
008 260306t2016||||xx |||||||||||||| ||spa||
041 _aESP
082 _a142.7
_bH97M
100 _aHusserl, Edmund
_eAUT
245 0 _aMeditaciones cartesianas
260 _c2016
300 _a222 páginas :
_c20 cm.
650 _aGEN
654 _aCHU
942 _cLIB
_dJUS
_fJUS
_2ddc
_n
999 _c705
_d705